00489cam a22001337a 4500008004000000082001800040100001800058245010900076260005700185300001000242440004200252650004000294700002100334180718b1975 xxu||||| |||| 00| 0 eng d aXA31x763 K123 aKain, John F. aHousing markets and racial discrimination: a microeconomic analysiscby John F. Kain and John M. Quigley aNew YorkbNational Bureau of Economic Researchc1975 a393p. aNBER urban and regional studies, no.3 aHousing - Race Segregation - U.S.A. aQuigley, John M.